Синтез параметров регуляторов системы тиристорный регулятор напряжения - асинхронный двигатель; Электромеханические преобразователи энергии

书目详细资料
Parent link:Электромеханические преобразователи энергии.— 2009.— С. 397-400
主要作者: Чернышев А. Ю. Александр Юрьевич
其他作者: Бахтуев С. А.
语言:俄语
出版: 2009
主题:
格式: MixedMaterials 本书章节
KOHA link:https://koha.lib.tpu.ru/cgi-bin/koha/opac-detail.pl?biblionumber=196553

MARC

LEADER 00000naa2a2200000 4500
001 196553
005 20231031183140.0
035 |a (RuTPU)RU\TPU\book\214424 
090 |a 196553 
100 |a 20110525d2009 k y0rusy50 ca 
101 0 |a rus 
102 |a RU 
200 1 |a Синтез параметров регуляторов системы тиристорный регулятор напряжения - асинхронный двигатель  |f А. Ю. Чернышев, С. А. Бахтуев 
463 0 |0 (RuTPU)RU\TPU\book\208678  |t Электромеханические преобразователи энергии  |o материалы IV Международной научно-технической конференции, 13-16 октября 2009 г., Томск  |f Российский фонд фундаментальных исследований (РФФИ) ; Томская область, Администрация ; Томский политехнический университет   |v С. 397-400  |d 2009  |p 556 с. 
610 1 |a регуляторы 
610 1 |a системы 
610 1 |a напряжение 
610 1 |a тиристоры 
610 1 |a асинхронные двигатели 
610 1 |a труды учёных ТПУ 
700 1 |a Чернышев  |b А. Ю.  |c специалист в области электротехники  |c доцент Томского политехнического университета, кандидат технических наук  |f 1950-  |g Александр Юрьевич  |2 stltpush  |3 (RuTPU)RU\TPU\pers\27081 
701 1 |a Бахтуев  |b С. А. 
801 1 |a RU  |b 63413507  |c 20110525 
942 |c BK